000 00974nam a22003017a 4500
001 309
003 FISKH
005 20230320092042.0
008 230317b cb ||||| |||| 00| 0 eng d
020 _a9780007425617
040 _aDLC
_beng
_cDLC
_dDLC
_dFISKH
042 _alcac
050 0 0 _aPZ8.3.G276
082 0 0 _a811
100 1 _aGeisel, Seuss
_cDr.
_qTheodor Seuss Geisel
245 1 0 _aOne fish, two fish, red fish, blue fish,
_cby Dr. Seuss.
260 _aNew York,
_bBeginner Books; distributed by Random House,
_cc1960.
300 _a62 p.
_bcol. illus.
_c24 cm.
505 _aD
520 _aA story-poem about the activities of such unusual animals as the Nook, Wump, Yink, Yop, Gack, and the Zeds.
521 8 _a270
_bLexile
521 8 _aD
_bRaz-Pas
650 1 _aStories in rhyme.
710 2 _aJuvenile Collection (Library of Congress)
_5DLC
906 _a7
_bcbc
_corignew
_du
_eocip
_f19
_gy-gencatlg
942 _2ddc
_cBK
_n0
999 _c309
_d309